| 000 | 00518nam a22001577a 4500 | ||
|---|---|---|---|
| 003 | OSt | ||
| 005 | 20191004123916.0 | ||
| 008 | 191004b xxu||||| |||| 00| 0 eng d | ||
| 040 | _cmacl | ||
| 082 | _a070 | ||
| 100 |
_aरेही, बजेन्द्र _976875 |
||
| 245 | _aक्राइम फाइल | ||
| 260 |
_aदिल्ली _bलेनिन मीडिया प्राइवेट लिमिटेड _c2016 |
||
| 650 |
_aपत्रकारिता _976876 |
||
| 942 |
_2ddc _cHIN |
||
| 999 |
_c61148 _d61148 |
||